000 00695nam a2200217Ia 4500
003 GCL
008 140319s9999 xx 000 0 ara d
020 _a6100215977
040 _aGCL /
_cGCL
082 0 4 _a229.7
_bم أ
100 1 _aمدحت حافظ ابراهيم
245 1 0 _aالارشارات العلمية فى القران الكريم /
_cمدحت حافظ ابراهيم
250 _aالاولى
260 _aالقاهرة :
_bمكتبة غريب ،
_c1993
300 _a269 ص ؛
_c24 سم
650 0 4 _aالقران - اعجاز
650 0 4 _aالقران - علوم
650 0 4 _aالقران - تفاسير
650 0 4 _aالقران الكريم
942 _2ddc
_cBK
999 _c5014
_d5014